[Event "Hastings Masters 2019/20"]
[Site "Hastings"]
[Date "2020.01.04"]
[Round "8.49"]
[White "Merriman, James"]
[Black "Damodaran, Patrick"]
[Result "1-0"]
[WhiteElo "1895"]
[BlackElo "1388"]
[PlyCount "95"]
[EventDate "2019.12.28"]
[EventType "swiss"]
[EventRounds "9"]
[EventCountry "ENG"]

1. d4 Nf6 2. c4 c5 3. d5 e6 4. Nc3 exd5 5. cxd5 d6 6. e4 g6 7. Nge2 Bg7 8. Ng3
O-O 9. Be2 Nbd7 10. O-O Nb6 11. Bg5 h6 12. Bf4 a6 13. a4 Qc7 14. Qd2 g5 15. Be3
Ng4 16. a5 Nxe3 17. Qxe3 Nd7 18. Nf5 Nf6 19. Nxg7 Kxg7 20. h4 Nh7 21. hxg5 hxg5
22. g3 Bh3 23. Rfe1 Bd7 24. Kg2 Rae8 25. Rh1 Rh8 26. Rh5 f6 27. f4 Kg6 28. Rah1
Qxa5 29. fxg5 Qd8 30. Rh6+ Kg7 31. gxf6+ Qxf6 32. Rxf6 Nxf6 33. Qg5+ Kf7 34.
Bh5+ Rxh5 35. Rxh5 Nxh5 36. Qxh5+ Ke7 37. e5 Kd8 38. e6 Bb5 39. Nxb5 axb5 40.
Qf7 Re7 41. Qf8+ Re8 42. Qxd6+ Kc8 43. Qd7+ Kb8 44. Qxe8+ Ka7 45. e7 c4 46.
Qxb5 c3 47. e8=Q b6 48. Qe7+ 1-0

[Event "Hastings Masters 2019/20"]
[Site "Hastings"]
[Date "2020.01.04"]
[Round "8.50"]
[White "Liu, Tianyi"]
[Black "Flynn, David"]
[Result "1/2-1/2"]
[WhiteElo "1307"]
[BlackElo "1853"]
[PlyCount "141"]
[EventDate "2019.12.28"]
[EventType "swiss"]
[EventRounds "9"]
[EventCountry "ENG"]

1. e4 e6 2. d4 d5 3. Nd2 Nf6 4. e5 Nfd7 5. Bd3 c5 6. c3 Nc6 7. Ne2 cxd4 8. cxd4
f6 9. exf6 Qxf6 10. Nf3 h6 11. O-O Bd6 12. Nc3 O-O 13. a3 a6 14. Bc2 Rf7 15.
Be3 Nf8 16. Qd3 b5 17. Ne2 Rc7 18. Rac1 Bd7 19. Bb1 Rac8 20. Ng3 Be8 21. Qd2 b4
22. axb4 Bxb4 23. Qe2 a5 24. Rfd1 Bd6 25. Rc3 Rb8 26. b3 Rcb7 27. Ba2 Nb4 28.
Rdc1 Bb5 29. Qd2 Bd7 30. Qe2 Ng6 31. Nh5 Qf7 32. h3 Re8 33. Bb1 e5 34. Bxg6
Qxg6 35. dxe5 Bxe5 36. Nxe5 Rxe5 37. Nf4 Qe8 38. Qd2 Bf5 39. Bd4 Ree7 40. Be3
Qb5 41. Rc5 Qa6 42. R5c3 Rbd7 43. Bc5 Re8 44. Bxb4 axb4 45. Re3 Rxe3 46. Qxe3
Rd8 47. Qe7 Rc8 48. Rxc8+ Qxc8 49. Qxb4 Be4 50. Qd2 Qb8 51. f3 Bc2 52. Qxd5+
Kh7 53. Qc4 Bxb3 54. Qe4+ Kg8 55. Qe3 Bf7 56. Ne2 Qb1+ 57. Kf2 Qb2 58. Qd4 Qa2
59. Qe3 Qb2 60. Qd4 Qa2 61. Qe3 Qb2 62. Qc3 Qa2 63. Qe3 Qb2 64. h4 Qa2 65. g4
Qa4 66. Qe4 Qa5 67. Qe3 Qc7 68. Kg2 Qa5 69. g5 hxg5 70. hxg5 g6 71. Kf2 1/2-1/2

[Event "Hastings Masters 2019/20"]
[Site "Hastings"]
[Date "2020.01.04"]
[Round "8.51"]
[White "Kumar, Soham"]
[Black "Zheng, Harry Z"]
[Result "1/2-1/2"]
[WhiteElo "1512"]
[BlackElo "1705"]
[PlyCount "109"]
[EventDate "2019.12.28"]
[EventType "swiss"]
[EventRounds "9"]
[EventCountry "ENG"]

1. e4 e5 2. Nf3 Nc6 3. Bb5 a6 4. Ba4 Nf6 5. O-O Be7 6. Re1 b5 7. Bb3 d6 8. c3
O-O 9. h3 Na5 10. Bc2 c5 11. d4 Qc7 12. Nbd2 cxd4 13. cxd4 Nc6 14. Nb3 a5 15.
Be3 a4 16. Nbd2 Nb4 17. Bb1 Bd7 18. a3 Nc6 19. Bd3 Qb7 20. b3 axb3 21. Nxb3 Qb8
22. dxe5 dxe5 23. Nc5 Rd8 24. Nxd7 Rxd7 25. Qb3 Rb7 26. Reb1 Na5 27. Qc3 Nd7
28. Bd2 Nc4 29. Bxc4 bxc4 30. Rxb7 Qxb7 31. Qxc4 Rxa3 32. Rxa3 Bxa3 33. Ng5 Nf6
34. Qd3 Bf8 35. Bc3 h6 36. Nf3 Qxe4 37. Qxe4 Nxe4 38. Bxe5 Bc5 39. Bd4 Bxd4 40.
Nxd4 g6 41. f3 Nc5 42. Kf2 Kg7 43. g4 Kf6 44. Kg3 Nd3 45. Ne2 Ke5 46. h4 g5 47.
hxg5 hxg5 48. Nc3 f6 49. Ne2 Ke6 50. f4 gxf4+ 51. Nxf4+ Nxf4 52. Kxf4 Kf7 53.
Kf5 Kg7 54. g5 fxg5 55. Kxg5 1/2-1/2

[Event "Hastings Masters 2019/20"]
[Site "Hastings"]
[Date "2020.01.04"]
[Round "8.52"]
[White "Brouwer, Willem"]
[Black "Faulks, Nick"]
[Result "0-1"]
[WhiteElo "1662"]
[BlackElo "1900"]
[PlyCount "108"]
[EventDate "2019.12.28"]
[EventType "swiss"]
[EventRounds "9"]
[EventCountry "ENG"]

1. Nf3 c5 2. c4 Nf6 3. g3 d5 4. e3 Nc6 5. b3 e5 6. cxd5 Nxd5 7. d3 Bg4 8. h3
Bh5 9. Be2 Ndb4 10. g4 Bg6 11. e4 Nd4 12. O-O Nxf3+ 13. Bxf3 Qd4 14. Qd2 Nxd3
15. Nc3 Nb4 16. Qb2 Qd8 17. Rd1 Qf6 18. Kg2 Rd8 19. Be3 Be7 20. Rxd8+ Bxd8 21.
Be2 O-O 22. Bxc5 Be7 23. Bxe7 Qxe7 24. Bc4 Rd8 25. f3 Qg5 26. Rd1 Rxd1 27. Nxd1
h5 28. Qf2 Qc1 29. Nb2 Nc6 30. Nd3 Qa1 31. Qb2 Qxb2+ 32. Nxb2 Kf8 33. Nd3 Ke7
34. g5 f6 35. gxf6+ gxf6 36. h4 Kd6 37. Bd5 a5 38. f4 Nb4 39. fxe5+ fxe5 40.
Nxb4 axb4 41. Bxb7 Kc5 42. Bd5 Kd4 43. Kf3 Kd3 44. Bc4+ Kc3 45. Ke3 Kb2 46. Bd5
Kxa2 47. Kd2 Kb2 48. Kd3 Be8 49. Bc4 Bd7 50. Bd5 Bb5+ 51. Bc4 Bxc4+ 52. bxc4
Ka2 53. c5 b3 54. c6 b2 0-1

[Event "Hastings Masters 2019/20"]
[Site "Hastings"]
[Date "2020.01.04"]
[Round "8.53"]
[White "Wilson, Matthew R"]
[Black "Sandhu, Manvith"]
[Result "0-1"]
[WhiteElo "1837"]
[BlackElo "1673"]
[PlyCount "94"]
[EventDate "2019.12.28"]
[EventType "swiss"]
[EventRounds "9"]
[EventCountry "ENG"]

1. e4 Nc6 2. Nf3 d6 3. d4 Nf6 4. Nc3 g6 5. d5 Nb8 6. h3 Bg7 7. a4 O-O 8. a5 c6
9. Be2 cxd5 10. exd5 Qc7 11. O-O Nbd7 12. Ra4 Nc5 13. Rc4 Qd8 14. b4 Ncd7 15.
Be3 b6 16. axb6 Nxb6 17. Rh4 Bb7 18. Rd4 Nfxd5 19. Nxd5 Bxd4 20. Nxe7+ Qxe7 21.
Qxd4 f6 22. c4 Rad8 23. Re1 Rfe8 24. h4 Qf7 25. Nd2 Kg7 26. Qg4 Ba8 27. Kf1 Re7
28. Ra1 Rde8 29. Qf4 Rd8 30. Ra6 Qe6 31. Ra5 Kh8 32. h5 Rde8 33. Bg4 g5 34. Qd4
Qf7 35. Rxg5 Re5 36. Rxe5 dxe5 37. Qd3 Qe7 38. Bc5 Qg7 39. f3 e4 40. Nxe4 Bxe4
41. fxe4 Qxg4 42. Bd4 Qf4+ 43. Kg1 Kg8 44. c5 Qxe4 45. Qxe4 Rxe4 46. cxb6 Rxd4
47. bxa7 Rd1+ 0-1

[Event "Hastings Masters 2019/20"]
[Site "Hastings"]
[Date "2020.01.04"]
[Round "8.56"]
[White "Thatte, Nandinee"]
[Black "Cresswell, Mike J"]
[Result "1/2-1/2"]
[WhiteElo "1270"]
[BlackElo "1662"]
[PlyCount "50"]
[EventDate "2019.12.28"]
[EventType "swiss"]
[EventRounds "9"]
[EventCountry "ENG"]

1. d4 Nf6 2. c4 c5 3. d5 b5 4. cxb5 a6 5. bxa6 Bxa6 6. Nc3 g6 7. e4 Bxf1 8.
Kxf1 d6 9. Nf3 Bg7 10. g3 O-O 11. Kg2 Na6 12. Rb1 Qd7 13. h3 Rfb8 14. Re1 Ne8
15. e5 Qb7 16. a3 Nac7 17. Qd3 dxe5 18. Nxe5 Rd8 19. Qf3 Bf6 20. g4 Nxd5 21. g5
Bxe5 22. Rxe5 e6 23. h4 Rab8 24. Kg3 Qc7 25. Bf4 Nxf4 1/2-1/2

[Event "Hastings Masters 2019/20"]
[Site "Hastings"]
[Date "2020.01.04"]
[Round "8.57"]
[White "Kumar, Sanjit S"]
[Black "Dewangan, Aayush"]
[Result "0-1"]
[WhiteElo "1501"]
[BlackElo "1548"]
[PlyCount "116"]
[EventDate "2019.12.28"]
[EventType "swiss"]
[EventRounds "9"]
[EventCountry "ENG"]

1. e4 c5 2. Nf3 d6 3. d4 cxd4 4. Nxd4 Nf6 5. Nc3 g6 6. Be3 Bg7 7. f3 O-O 8. Qd2
Nc6 9. O-O-O d5 10. Qe1 e5 11. Nxc6 bxc6 12. exd5 cxd5 13. Bg5 Bb7 14. Qxe5 Re8
15. Qf4 Qb6 16. Bd3 Nh5 17. Qa4 Rab8 18. g4 d4 19. Nb5 a6 20. gxh5 axb5 21.
Bxb5 Re5 22. Bf4 Rxb5 23. Bxb8 Bxf3 24. Ba7 Qb7 25. hxg6 hxg6 26. Bxd4 Bxh1 27.
Bxg7 Kxg7 28. Qd4+ Kh7 29. Qh4+ Rh5 30. Qf4 Bd5 31. b3 Qa7 32. h4 Qxa2 33. Qa4
Qxa4 34. bxa4 Bc6 35. Rd4 Ra5 36. Kb2 Rxa4 37. Rd6 Bf3 38. Rf6 Bd5 39. Rd6 Be6
40. h5 gxh5 41. Rd2 Kg6 42. Rg2+ Rg4 43. Rh2 f5 44. Rf2 h4 45. Kc3 h3 46. Rh2
Rh4 47. Kd3 Kg5 48. Ke3 Kg4 49. Kf2 f4 50. Rh1 h2 51. c3 Bc4 52. Ke1 Bd5 53.
Rxh2 Rxh2 54. c4 Bxc4 55. Kd1 Re2 56. Kc1 f3 57. Kd1 f2 58. Kc1 f1=R# 0-1

[Event "Hastings Masters 2019/20"]
[Site "Hastings"]
[Date "2020.01.05"]
[Round "9.1"]
[White "Panchanathan, Magesh Chandran"]
[Black "Stany, GA"]
[Result "1/2-1/2"]
[WhiteElo "2479"]
[BlackElo "2526"]
[PlyCount "66"]
[EventDate "2019.12.28"]
[EventType "swiss"]
[EventRounds "9"]
[EventCountry "ENG"]

1. d4 Nf6 2. Nf3 g6 3. e3 Bg7 4. Be2 c5 5. O-O O-O 6. dxc5 Qc7 7. c4 Na6 8. Nc3
Nxc5 9. Qc2 d6 10. e4 b6 11. Re1 Bb7 12. Bf1 Rac8 13. Rb1 Qb8 14. b4 Ncd7 15.
Qb3 a6 16. Nd5 Rfe8 17. Bf4 Qa8 18. Rbd1 a5 19. a3 axb4 20. axb4 Bc6 21. Rd2 b5
22. Ng5 bxc4 23. Bxc4 Nxd5 24. exd5 Ba4 25. Qh3 Nf6 26. Qd3 Bd7 27. Ra2 Qb8 28.
b5 Bf5 29. Qb3 Nd7 30. Be3 Nb6 31. Bxb6 Qxb6 32. Ra6 Qd4 33. Rc6 Bd7 1/2-1/2

[Event "Hastings Masters 2019/20"]
[Site "Hastings"]
[Date "2020.01.05"]
[Round "9.2"]
[White "Kantor, Gergely"]
[Black "Bagi, Mate"]
[Result "1/2-1/2"]
[WhiteElo "2541"]
[BlackElo "2469"]
[PlyCount "41"]
[EventDate "2019.12.28"]
[EventType "swiss"]
[EventRounds "9"]
[EventCountry "ENG"]

1. d4 Nf6 2. c4 g6 3. f3 c5 4. d5 d6 5. e4 Bg7 6. Nc3 O-O 7. Nge2 e6 8. Ng3
exd5 9. cxd5 a6 10. a4 Nbd7 11. Be2 Ne8 12. Bf4 h5 13. Qd2 Ne5 14. O-O Rb8 15.
Bg5 f6 16. Be3 h4 17. Nh1 f5 18. Nf2 Nf6 19. Bg5 h3 20. Nxh3 fxe4 21. Nxe4
1/2-1/2

[Event "Hastings Masters 2019/20"]
[Site "Hastings"]
[Date "2020.01.05"]
[Round "9.4"]
[White "Korneev, Oleg"]
[Black "Swayams, Mishra"]
[Result "1/2-1/2"]
[WhiteElo "2524"]
[BlackElo "2479"]
[PlyCount "127"]
[EventDate "2019.12.28"]
[EventType "swiss"]
[EventRounds "9"]
[EventCountry "ENG"]

1. e4 e5 2. Nf3 Nc6 3. Bb5 a6 4. Ba4 Nf6 5. O-O Be7 6. Re1 b5 7. Bb3 d6 8. c3
O-O 9. h3 Bb7 10. d4 Re8 11. Nbd2 Bf8 12. d5 Nb8 13. Nf1 Nbd7 14. N3h2 c6 15.
dxc6 Bxc6 16. Bg5 Qc7 17. Ng3 a5 18. a3 Qb7 19. Qf3 d5 20. Ng4 dxe4 21. Qf5 Bd5
22. Bxd5 Nxd5 23. Rad1 N7b6 24. Qxe4 Rab8 25. Nf5 f6 26. Be3 Nxe3 27. Qxe3 Nc4
28. Qe2 Red8 29. h4 Qb6 30. Nge3 Nxe3 31. Nxe3 Qc6 32. h5 b4 33. axb4 axb4 34.
Rxd8 Rxd8 35. Rd1 Rxd1+ 36. Qxd1 Qe6 37. cxb4 Bxb4 38. Qd8+ Bf8 39. b4 Qd6 40.
Qxd6 Bxd6 41. b5 Kf7 42. b6 Ke6 43. b7 f5 44. Kf1 Bb8 45. Ke2 f4 46. Nc2 Kd6
47. Kd3 Kc6 48. Ke4 Kxb7 49. Nb4 Kb6 50. Nd3 Kc6 51. Nxe5+ Kd6 52. Nf7+ Ke7 53.
Ng5 h6 54. Nh3 Kf6 55. Nxf4 Kg5 56. Ne6+ Kf6 57. Nd4 Ba7 58. f4 Bxd4 59. Kxd4
Kf5 60. Ke3 Kg4 61. Ke4 Kxh5 62. Kf5 g6+ 63. Kf6 Kg4 64. Kxg6 1/2-1/2

[Event "Hastings Masters 2019/20"]
[Site "Hastings"]
[Date "2020.01.05"]
[Round "9.5"]
[White "Petrov, Martin"]
[Black "Cherniaev, Alexander"]
[Result "1/2-1/2"]
[WhiteElo "2497"]
[BlackElo "2419"]
[PlyCount "61"]
[EventDate "2019.12.28"]
[EventType "swiss"]
[EventRounds "9"]
[EventCountry "ENG"]

1. e4 c5 2. Nf3 Nc6 3. d4 cxd4 4. Nxd4 Nf6 5. Nc3 e5 6. Ndb5 d6 7. Bg5 a6 8.
Na3 b5 9. Nd5 Be7 10. Bxf6 Bxf6 11. c3 Ne7 12. Nxf6+ gxf6 13. Nc2 Bb7 14. Bd3
d5 15. exd5 Qxd5 16. Ne3 Qe6 17. Qc2 e4 18. Be2 f5 19. g3 f4 20. gxf4 O-O-O 21.
a4 f5 22. axb5 axb5 23. Bxb5 Ng6 24. Qa4 Nxf4 25. Ba6 Qxa6 26. Qxa6 Bxa6 27.
Rxa6 Nd3+ 28. Ke2 Nf4+ 29. Ke1 Nd3+ 30. Ke2 Nf4+ 31. Ke1 1/2-1/2

[Event "Hastings Masters 2019/20"]
[Site "Hastings"]
[Date "2020.01.05"]
[Round "9.6"]
[White "Merry, Alan B"]
[Black "Williams, Simon K"]
[Result "0-1"]
[WhiteElo "2420"]
[BlackElo "2461"]
[PlyCount "80"]
[EventDate "2019.12.28"]
[EventType "swiss"]
[EventRounds "9"]
[EventCountry "ENG"]

1. d4 e6 2. c4 f5 3. g3 Nf6 4. Bg2 c6 5. Nh3 Be7 6. b3 d6 7. Bb2 Qc7 8. Nd2 e5
9. dxe5 dxe5 10. e4 Na6 11. O-O Nc5 12. f4 exf4 13. e5 Ng4 14. Nxf4 Ne6 15. Kh1
Nxf4 16. Rxf4 Be6 17. Qe2 O-O-O 18. h3 h5 19. Nf3 g5 20. Rd4 Bc5 21. Nxg5 Qe7
22. Rxd8+ Rxd8 23. Nf3 Nf2+ 24. Kh2 Ne4 25. Rd1 Rxd1 26. Qxd1 Qg7 27. Bd4 Qxg3+
28. Kg1 Nf2 29. Qd2 Nxh3+ 30. Kf1 Be7 31. Bxa7 c5 32. Bb6 Nf4 33. Qf2 Qg4 34.
Ne1 Nxg2 35. Nxg2 h4 36. Nf4 h3 37. Ne2 f4 38. Bxc5 Bh4 39. Qg1 Qf3+ 40. Bf2
Bg4 0-1

[Event "Hastings Masters 2019/20"]
[Site "Hastings"]
[Date "2020.01.05"]
[Round "9.7"]
[White "Arkell, Keith C"]
[Black "Flear, Glenn C"]
[Result "0-1"]
[WhiteElo "2453"]
[BlackElo "2440"]
[PlyCount "106"]
[EventDate "2019.12.28"]
[EventType "swiss"]
[EventRounds "9"]
[EventCountry "ENG"]

1. c4 c6 2. Nf3 d5 3. e3 Nf6 4. b3 Bg4 5. Bb2 e6 6. Be2 Nbd7 7. O-O Bd6 8. d4
O-O 9. Nbd2 Qe7 10. a3 Ne4 11. Nxe4 dxe4 12. Nd2 Bxe2 13. Qxe2 f5 14. b4 e5 15.
c5 Bc7 16. Qc4+ Qf7 17. Qxf7+ Kxf7 18. Nc4 exd4 19. Bxd4 b5 20. cxb6 axb6 21.
Rfd1 Rfd8 22. Bb2 b5 23. Nd6+ Ke6 24. Nb7 Rdb8 25. Na5 Bxa5 26. bxa5 Rxa5 27.
Bxg7 Nb6 28. Bc3 Raa8 29. Bb4 Nc4 30. Rdc1 Rd8 31. h4 Ra4 32. Kh2 Rd3 33. Kg3
Kd5 34. Kf4 c5 35. Bc3 Rxa3 36. Rxa3 Nxa3 37. Kxf5 b4 38. Bf6 Nc4 39. g4 Rd2
40. Rf1 b3 41. Kg5 Ne5 42. f4 exf3 43. Kf5 Nd3 44. e4+ Kc6 45. Rxf3 c4 46. Kg5
b2 47. Bxb2 Rxb2 48. Kh6 Rb7 49. g5 Kc5 50. Rf8 Ne5 51. Rc8+ Kd4 52. Rd8+ Kxe4
53. Rc8 Rd7 0-1

[Event "Hastings Masters 2019/20"]
[Site "Hastings"]
[Date "2020.01.05"]
[Round "9.8"]
[White "Howell, David W L"]
[Black "Bates, Richard A"]
[Result "1-0"]
[WhiteElo "2676"]
[BlackElo "2342"]
[PlyCount "81"]
[EventDate "2019.12.28"]
[EventType "swiss"]
[EventRounds "9"]
[EventCountry "ENG"]

1. e4 c5 2. Nf3 d6 3. Bb5+ Nd7 4. Ba4 Ngf6 5. O-O g6 6. Re1 Bg7 7. c3 O-O 8. d4
e5 9. Bc2 b6 10. Bg5 h6 11. Bh4 Bb7 12. a4 a6 13. dxe5 Nxe5 14. Nxe5 dxe5 15.
Qf3 Rc8 16. c4 g5 17. Bg3 Ne8 18. Qb3 Qc7 19. Nc3 Rd8 20. Nd5 Bxd5 21. exd5 f5
22. f3 Rd7 23. Re2 Re7 24. a5 bxa5 25. Qa3 Nd6 26. Qxa5 Qxa5 27. Rxa5 Nxc4 28.
Rxa6 Nxb2 29. Bf2 Rb7 30. Bxc5 Rc8 31. Bf2 e4 32. fxe4 fxe4 33. Bxe4 Rc1+ 34.
Re1 Rxe1+ 35. Bxe1 Nc4 36. d6 Bd4+ 37. Kh1 Rb6 38. d7 Bf6 39. Bd5+ Kg7 40. Bxc4
Rb1 41. Rxf6 1-0

[Event "Hastings Masters 2019/20"]
[Site "Hastings"]
[Date "2020.01.05"]
[Round "9.9"]
[White "Stoyanov, Viktor"]
[Black "Sengupta, Deep"]
[Result "0-1"]
[WhiteElo "2272"]
[BlackElo "2564"]
[PlyCount "124"]
[EventDate "2019.12.28"]
[EventType "swiss"]
[EventRounds "9"]
[EventCountry "ENG"]

1. Nf3 d5 2. d4 e6 3. c4 c6 4. g3 dxc4 5. Bg2 b5 6. O-O Bb7 7. b3 cxb3 8. Qxb3
Nd7 9. Bg5 Ngf6 10. Nbd2 Be7 11. Rac1 O-O 12. Rfd1 Nd5 13. Bxe7 Qxe7 14. Ne5
Nxe5 15. dxe5 b4 16. Ne4 a5 17. Qb2 Rab8 18. Rd2 Ba8 19. Qb3 Rfd8 20. Rdc2 Qc7
21. Rc5 Qxe5 22. Rxa5 Qd4 23. Qc2 h6 24. Rc5 Rb6 25. Rd1 Qe5 26. Nd2 Qxe2 27.
Bf1 Qh5 28. Nc4 Rbb8 29. Na5 Qg5 30. Qc4 Qf6 31. Nxc6 Bxc6 32. Rxc6 Qb2 33. Qb3
Qxb3 34. axb3 g5 35. Bc4 Nc3 36. Rxd8+ Rxd8 37. Rb6 Na2 38. Rb7 Rd2 39. h3 Kf8
40. Kf1 Rd6 41. Kg2 Rd2 42. Kf1 Rb2 43. Kg1 Nc3 44. Rxb4 Nd1 45. f3 Ne3 46. g4
Rg2+ 47. Kh1 Rf2 48. Rb8+ Ke7 49. Rb7+ Kf6 50. Bb5 Rxf3 51. Kh2 Ke5 52. Bc6
Rf2+ 53. Kg1 Rc2 54. Bh1 f5 55. gxf5 exf5 56. Re7+ Kf4 57. Bb7 h5 58. Ba6 g4
59. hxg4 hxg4 60. Bd3 Rg2+ 61. Kh1 Rd2 62. Rd7 Rd1+ 0-1

[Event "Hastings Masters 2019/20"]
[Site "Hastings"]
[Date "2020.01.05"]
[Round "9.10"]
[White "Gormally, Daniel W"]
[Black "Ratsma, Midas"]
[Result "1-0"]
[WhiteElo "2497"]
[BlackElo "2270"]
[PlyCount "63"]
[EventDate "2019.12.28"]
[EventType "swiss"]
[EventRounds "9"]
[EventCountry "ENG"]

1. d4 d5 2. c4 e6 3. Nf3 c6 4. Nc3 dxc4 5. a4 Bb4 6. e4 b5 7. Be2 Nf6 8. Qc2 h6
9. O-O O-O 10. axb5 Bxc3 11. bxc3 cxb5 12. Nd2 Nc6 13. e5 Nd5 14. Ne4 b4 15.
Bxc4 bxc3 16. Rd1 Ncb4 17. Qe2 Qh4 18. g3 Qh3 19. Nd6 Bd7 20. Qf3 f5 21. Ra5 f4
22. Bf1 fxg3 23. Qxf8+ Rxf8 24. Bxh3 gxf2+ 25. Kg2 Bc6 26. Kg3 Ne3 27. Bxe6+
Kh7 28. Bxe3 Rf3+ 29. Kg4 Rxe3 30. Rf1 Be4 31. Nxe4 Rxe4+ 32. Kf3 1-0

[Event "Hastings Masters 2019/20"]
[Site "Hastings"]
[Date "2020.01.05"]
[Round "9.11"]
[White "Fishbein, Alexander"]
[Black "Gutierrez Carmona, Juan Alejandr"]
[Result "1-0"]
[WhiteElo "2435"]
[BlackElo "2146"]
[PlyCount "60"]
[EventDate "2019.12.28"]
[EventType "swiss"]
[EventRounds "9"]
[EventCountry "ENG"]

1. Nf3 d5 2. c4 d4 3. g3 c5 4. Bg2 Nc6 5. O-O e5 6. d3 Bd6 7. e3 Nge7 8. Nbd2
O-O 9. Ne4 Bg4 10. h3 Bxf3 11. Qxf3 f5 12. Nxd6 Qxd6 13. exd4 Nxd4 14. Qh5 f4
15. Bxb7 Rf5 16. Qg4 Raf8 17. Be4 h5 18. Qd1 Qe6 19. Kg2 Rg5 20. Kh2 Qf6 21.
Bd2 Nef5 22. Rg1 fxg3+ 23. fxg3 Rxg3 24. Bd5+ Ne6 25. Qxh5 g6 26. Rxg3 Nxg3 27.
Qg4 Qf2+ 28. Bg2 Rf6 29. Bc3 Nf4 30. Qxg3 Nxg2 1-0

[Event "Hastings Masters 2019/20"]
[Site "Hastings"]
[Date "2020.01.05"]
[Round "9.12"]
[White "Lyell, Mark"]
[Black "Hebden, Mark L"]
[Result "0-1"]
[WhiteElo "2265"]
[BlackElo "2433"]
[PlyCount "81"]
[EventDate "2019.12.28"]
[EventType "swiss"]
[EventRounds "9"]
[EventCountry "ENG"]

1. e4 e5 2. Nf3 Nc6 3. d4 exd4 4. Nxd4 Nf6 5. Nxc6 bxc6 6. e5 Qe7 7. Qe2 Nd5 8.
h4 f6 9. c4 Ba6 10. Rh3 fxe5 11. Bg5 Nf6 12. Re3 O-O-O 13. Nd2 Qb4 14. Qd1 Bc5
15. a3 Qb6 16. Nb3 Bxe3 17. Bxe3 Qb8 18. Nc5 Bb7 19. g3 Qa8 20. Bg5 d6 21. Ne6
c5 22. Bh3 Kb8 23. Qb3 a5 24. Nxd8 Rxd8 25. Bf5 h6 26. Bxf6 gxf6 27. O-O-O Qa6
28. Rd3 d5 29. Rd1 d4 30. Be4 Rd6 31. Bxb7 Qxb7 32. Qa4 Rb6 33. Rd2 Qh1+ 34.
Rd1 Qf3 35. Rd2 Qb3 36. Qe8+ Kb7 37. Qf7 Qf3 38. Qg6 e4 39. Qxh6 e3 40. fxe3
dxe3 41. Rh2 0-1

[Event "Hastings Masters 2019/20"]
[Site "Hastings"]
[Date "2020.01.05"]
[Round "9.13"]
[White "Brouwer, Dennis"]
[Black "Lalic, Bogdan"]
[Result "0-1"]
[WhiteElo "2202"]
[BlackElo "2414"]
[PlyCount "65"]
[EventDate "2019.12.28"]
[EventType "swiss"]
[EventRounds "9"]
[EventCountry "ENG"]

1. c4 e5 2. Nc3 Nf6 3. Nf3 Nc6 4. e3 Bb4 5. Qc2 Bxc3 6. bxc3 O-O 7. e4 d6 8. g3
Nd7 9. Bg2 Nc5 10. Nh4 a6 11. O-O b5 12. cxb5 axb5 13. d3 b4 14. Be3 Ba6 15.
Rfd1 Bxd3 16. Rxd3 b3 17. Qd1 Nxd3 18. Qxd3 Rxa2 19. Rb1 Na5 20. Bd2 b2 21. c4
Qb8 22. Bc3 Qb3 23. Bf1 Rb8 24. Nf5 Nb7 25. Ne7+ Kf8 26. Nc6 Nc5 27. Qe3 Qc2
28. Qe1 Nxe4 29. Bxe5 dxe5 30. Nxb8 Nd2 31. Nd7+ Kg8 32. Rxb2 Qxb2 33. Kg2 0-1

[Event "Hastings Masters 2019/20"]
[Site "Hastings"]
[Date "2020.01.05"]
[Round "9.14"]
[White "Bin-Suhayl, Ieysaa"]
[Black "Murphy, Conor E"]
[Result "0-1"]
[WhiteElo "2187"]
[BlackElo "2407"]
[PlyCount "62"]
[EventDate "2019.12.28"]
[EventType "swiss"]
[EventRounds "9"]
[EventCountry "ENG"]

1. Nf3 d5 2. c4 e6 3. g3 Nf6 4. Bg2 dxc4 5. Qa4+ Bd7 6. Qxc4 c5 7. Ne5 Qc8 8.
Nxd7 Qxd7 9. d3 Nc6 10. O-O Be7 11. Nc3 Rc8 12. Be3 Nd4 13. a4 O-O 14. Rac1
Rfd8 15. Bg5 Nd5 16. Bxe7 Qxe7 17. Rfe1 Nb6 18. Qa2 Nc6 19. Bxc6 Rxc6 20. Red1
h5 21. h4 Rd4 22. b3 Rg4 23. Kf1 Nd5 24. Ne4 f5 25. Ng5 f4 26. Qd2 fxg3 27. e4
g2+ 28. Kg1 Nf4 29. Nf3 Rxh4 30. Nxh4 Qxh4 31. f3 Qg3 0-1

[Event "Hastings Masters 2019/20"]
[Site "Hastings"]
[Date "2020.01.05"]
[Round "9.15"]
[White "Hutchinson, Paul A"]
[Black "Vaishali, Ramesh Babu"]
[Result "0-1"]
[WhiteElo "2112"]
[BlackElo "2376"]
[PlyCount "110"]
[EventDate "2019.12.28"]
[EventType "swiss"]
[EventRounds "9"]
[EventCountry "ENG"]

1. d4 Nf6 2. Nf3 d5 3. e3 g6 4. c4 Bg7 5. Nc3 O-O 6. cxd5 Nxd5 7. Be2 c5 8. Qb3
Nxc3 9. bxc3 Nc6 10. O-O b6 11. Ba3 Na5 12. Qb2 Qc7 13. Rac1 Bb7 14. Rfd1 Rac8
15. Qb1 Rfd8 16. Bb2 Qc6 17. Ne1 Qa4 18. Ba1 cxd4 19. cxd4 Bd5 20. Rd2 Rxc1 21.
Qxc1 Bxa2 22. Qc7 Re8 23. Qxa7 Bd5 24. Rd1 Qc6 25. Bf3 Bxf3 26. Nxf3 Ra8 27.
Qxe7 Nb3 28. Ne5 Bxe5 29. Qxe5 Rxa1 30. Rxa1 Nxa1 31. h4 Nb3 32. d5 Qd7 33.
Qb8+ Kg7 34. d6 Nc5 35. Qxb6 Nb7 36. Qc7 Qxc7 37. dxc7 Nd6 38. Kh2 Kf6 39. Kg3
Ke6 40. Kf4 Kd7 41. f3 Kxc7 42. Kg5 Kd7 43. Kf6 Ke8 44. e4 Kf8 45. g4 Nc4 46.
e5 Nd2 47. e6 fxe6 48. f4 Nf3 49. h5 gxh5 50. gxh5 Nd4 51. h6 Nf5 52. Kxe6 Nxh6
53. Kf6 Nf7 54. Ke6 Kg7 55. Kf5 h5 0-1

[Event "Hastings Masters 2019/20"]
[Site "Hastings"]
[Date "2020.01.05"]
[Round "9.16"]
[White "Ratnesan, Ranesh"]
[Black "Wadsworth, Matthew J"]
[Result "1/2-1/2"]
[WhiteElo "2213"]
[BlackElo "2401"]
[PlyCount "88"]
[EventDate "2019.12.28"]
[EventType "swiss"]
[EventRounds "9"]
[EventCountry "ENG"]

1. d4 Nf6 2. c4 c5 3. d5 e6 4. Nc3 exd5 5. cxd5 d6 6. Nf3 g6 7. Bf4 a6 8. a4
Bg7 9. h3 O-O 10. e3 Qe7 11. Be2 Nbd7 12. O-O Ne8 13. Re1 Rb8 14. e4 Ne5 15.
Qd2 Bd7 16. Nxe5 Bxe5 17. Bg4 Bxg4 18. hxg4 Bxf4 19. Qxf4 f6 20. Rab1 b5 21. b4
c4 22. Ra1 Nc7 23. axb5 axb5 24. Qe3 Ra8 25. Qb6 Qd7 26. Rxa8 Rxa8 27. Qb7 Qd8
28. Rc1 Qb8 29. Qxb8+ Rxb8 30. Ra1 Rb6 31. Ra5 Ra6 32. Rxa6 Nxa6 33. Nxb5 Nxb4
34. Kf1 Kf8 35. Ke2 Ke7 36. f3 h5 37. gxh5 gxh5 38. Nd4 c3 39. Nf5+ Kd7 40. g4
c2 41. Kd2 hxg4 42. fxg4 Nd3 43. Kxc2 Nf2 44. Ng3 Nxg4 1/2-1/2

[Event "Hastings Masters 2019/20"]
[Site "Hastings"]
[Date "2020.01.05"]
[Round "9.17"]
[White "Petrov, Vladimir Sergeev"]
[Black "Brozel, Sacha"]
[Result "1/2-1/2"]
[WhiteElo "2355"]
[BlackElo "2188"]
[PlyCount "66"]
[EventDate "2019.12.28"]
[EventType "swiss"]
[EventRounds "9"]
[EventCountry "ENG"]

1. e4 e6 2. d4 d5 3. Nd2 Be7 4. Bd3 c5 5. dxc5 Nf6 6. exd5 Qxd5 7. Ngf3 Nbd7 8.
Nb3 Nxc5 9. Nxc5 Qxc5 10. O-O O-O 11. Re1 b6 12. Re5 Qc7 13. Rg5 Bb7 14. Rg3
Be4 15. Be3 Rfd8 16. Bd4 g6 17. Rh3 Rac8 18. Bxe4 Nxe4 19. Qc1 Ng5 20. Nxg5
Bxg5 21. Qxg5 Rxd4 22. Qh6 f5 23. Re1 Qg7 24. Qc1 e5 25. Rhe3 e4 26. f3 exf3
27. Rxf3 Rcd8 28. Rfe3 Qd7 29. Re7 Qxe7 30. Rxe7 Rd1+ 31. Qxd1 Rxd1+ 32. Kf2
Rd2+ 33. Re2 Rd7 1/2-1/2

[Event "Hastings Masters 2019/20"]
[Site "Hastings"]
[Date "2020.01.05"]
[Round "9.18"]
[White "Gallagher, Daniel GH"]
[Black "Willow, Jonah B"]
[Result "0-1"]
[WhiteElo "2171"]
[BlackElo "2355"]
[PlyCount "72"]
[EventDate "2019.12.28"]
[EventType "swiss"]
[EventRounds "9"]
[EventCountry "ENG"]

1. e4 c5 2. Nf3 Nc6 3. Nc3 g6 4. d4 cxd4 5. Nxd4 Bg7 6. Be3 Nf6 7. Bc4 O-O 8.
Bb3 Re8 9. O-O d6 10. h3 Na5 11. Re1 a6 12. Bg5 b5 13. Bd5 Nxd5 14. Nxd5 Bb7
15. c3 Nc4 16. Qe2 Nb6 17. Rad1 Nxd5 18. exd5 Qa5 19. a3 b4 20. Nb3 Qa4 21. Qc4
a5 22. Nd4 Rac8 23. Qb5 Qxb5 24. Nxb5 bxc3 25. bxc3 Kf8 26. Re3 h6 27. Bf4 Red8
28. Rde1 Bf6 29. Bxh6+ Kg8 30. Rd1 Rc5 31. a4 Bxd5 32. h4 Bb3 33. Ra1 Bxh4 34.
Nd4 Bc4 35. Rb1 Rh5 36. Bf4 e5 0-1